[Event "Wroclaw"]
[Site "?"]
[Date "2020.08.27"]
[Round "10.9"]
[White "Trybus, Daniel"]
[Black "Czernek, Tymon"]
[Result "1-0"]
[BlackElo "2067"]
[WhiteElo "1827"]
[LiveChessVersion "1.4.8"]

1. e4 {[%clk 0:03:00]} c5 {[%clk 0:03:04]} 2. Nf3 {[%clk 0:03:02]} d6
{[%clk 0:03:05]} 3. d4 {[%clk 0:03:03]} cxd4 4. Nxd4 {[%clk 0:03:04]} Nf6
{[%clk 0:03:08]} 5. Nc3 {[%clk 0:03:05]} a6 {[%clk 0:03:09]} 6. a4
{[%clk 0:03:05]} h6 {[%clk 0:02:55]} 7. Bc4 {[%clk 0:02:59]} e6 {[%clk 0:02:47]}
8. Be3 {[%clk 0:02:45]} Be7 {[%clk 0:02:45]} 9. O-O {[%clk 0:02:42]} O-O
{[%clk 0:02:45]} 10. Ba2 {[%clk 0:02:43]} Nc6 {[%clk 0:02:35]} 11. f4
{[%clk 0:02:41]} Bd7 {[%clk 0:02:23]} 12. Qf3 Rc8 {[%clk 0:02:12]} 13. f5
{[%clk 0:02:22]} Ne5 {[%clk 0:01:59]} 14. Qg3 {[%clk 0:02:07]} Rxc3
{[%clk 0:01:44]} 15. bxc3 {[%clk 0:02:04]} Nxe4 {[%clk 0:01:44]} 16. Qh3
{[%clk 0:01:54]} exf5 {[%clk 0:01:31]} 17. Nxf5 {[%clk 0:01:34]} Bg5
{[%clk 0:01:32]} 18. Bd4 {[%clk 0:00:59]} Bf6 {[%clk 0:00:52]} 19. Rae1
{[%clk 0:00:55]} Ng5 {[%clk 0:00:50]} 20. Qg3 {[%clk 0:00:49]} Be6
{[%clk 0:00:25]} 21. Bb3 {[%clk 0:00:45]} Kh7 {[%clk 0:00:14]} 22. h4
{[%clk 0:00:42]} Ngf3+ {[%clk 0:00:07]} 23. Rxf3 {[%clk 0:00:27]} Nxf3+
{[%clk 0:00:07]} 24. Qxf3 {[%clk 0:00:28]} Bxh4 {[%clk 0:00:05]} 25. Rf1
{[%clk 0:00:24]} Bxb3 {[%clk 0:00:05]} 26. cxb3 {[%clk 0:00:24]} Bf6
{[%clk 0:00:06]} 27. Qd3 {[%clk 0:00:24]} Kh8 {[%clk 0:00:05]} 28. Nxh6
{[%clk 0:00:20]} Bxd4+ {[%clk 0:00:04]} 29. Qxd4 {[%clk 0:00:21]} Qe7
{[%clk 0:00:05]} 30. Nf5 {[%clk 0:00:20]} Qg5 {[%clk 0:00:06]} 31. Nxd6
{[%clk 0:00:18]} f6 {[%clk 0:00:07]} 32. Ne4 {[%clk 0:00:18]} Qg4
{[%clk 0:00:07]} 33. Qe3 {[%clk 0:00:16]} Re8 {[%clk 0:00:08]} 34. Rf4
{[%clk 0:00:16]} Qd1+ {[%clk 0:00:09]} 35. Kh2 {[%clk 0:00:17]} Qh5+
{[%clk 0:00:09]} 36. Qh3 {[%clk 0:00:16]} Qxh3+ {[%clk 0:00:10]} 37. Kxh3
{[%clk 0:00:17]} Rd8 {[%clk 0:00:10]} 38. Rh4+ {[%clk 0:00:18]} Kg8
{[%clk 0:00:11]} 39. Nc5 {[%clk 0:00:19]} Rc8 {[%clk 0:00:09]} 40. Rc4
{[%clk 0:00:19]} Rb8 {[%clk 0:00:07]} 41. Nd7 {[%clk 0:00:21]} Rd8
{[%clk 0:00:09]} 42. Nb6 {[%clk 0:00:22]} Rd3+ {[%clk 0:00:08]} 43. Kg4
{[%clk 0:00:23]} Kh7 {[%clk 0:00:08]} 44. Kf5 {[%clk 0:00:24]} Rg3
{[%clk 0:00:07]} 45. Rc7 {[%clk 0:00:22]} Kh6 {[%clk 0:00:06]} 46. Rxb7
{[%clk 0:00:22]} Rxc3 {[%clk 0:00:06]} 47. Nd5 {[%clk 0:00:23]} Rc5
{[%clk 0:00:06]} 48. Ke6 {[%clk 0:00:23]} Rc2 {[%clk 0:00:06]} 49. Rb8
{[%clk 0:00:22]} Re2+ {[%clk 0:00:05]} 50. Kf7 Rxg2 {[%clk 0:00:04]} 51. Rh8+
{[%clk 0:00:23]} Kg5 {[%clk 0:00:05]} 52. Kxg7 {[%clk 0:00:24]} Kf5+
{[%clk 0:00:06]} 53. Kf7 {[%clk 0:00:25]} Ke5 {[%clk 0:00:07]} 54. Nxf6
{[%clk 0:00:26]} Rf2 {[%clk 0:00:08]} 55. Rh5+ {[%clk 0:00:27]} Kd5 1-0

[Event "Wroclaw"]
[Site "?"]
[Date "2020.08.27"]
[Round "11.1"]
[White "Niedbala, Bartlomiej"]
[Black "Kacprzak, Karol"]
[Result "1-0"]
[BlackElo "2012"]
[WhiteElo "2131"]
[LiveChessVersion "1.4.8"]

1. d4 {[%clk 0:03:02]} Nf6 {[%clk 0:03:04]} 2. Nf3 {[%clk 0:03:03]} e6 3. c4 b6
{[%clk 0:03:06]} 4. g3 {[%clk 0:03:06]} Bb7 {[%clk 0:03:08]} 5. Bg2
{[%clk 0:03:07]} c5 {[%clk 0:03:09]} 6. d5 {[%clk 0:03:09]} exd5 {[%clk 0:03:10]}
7. cxd5 {[%clk 0:03:10]} Bxd5 {[%clk 0:03:11]} 8. Nc3 {[%clk 0:03:11]} Bxf3
{[%clk 0:03:12]} 9. Bxf3 {[%clk 0:03:13]} Nc6 {[%clk 0:03:14]} 10. O-O
{[%clk 0:03:13]} Be7 {[%clk 0:03:15]} 11. Bf4 {[%clk 0:03:14]} O-O
{[%clk 0:03:15]} 12. e3 {[%clk 0:03:16]} Ne8 {[%clk 0:03:15]} 13. h4
{[%clk 0:03:13]} Rc8 {[%clk 0:03:13]} 14. Qa4 {[%clk 0:02:44]} Bd6
{[%clk 0:02:58]} 15. Rad1 {[%clk 0:02:32]} Bxf4 {[%clk 0:02:46]} 16. Bxc6
{[%clk 0:02:25]} Bd6 {[%clk 0:02:07]} 17. Bxd7 {[%clk 0:02:14]} Rb8
{[%clk 0:00:49]} 18. Bxe8 {[%clk 0:02:06]} Rxe8 {[%clk 0:00:49]} 19. Qc6
{[%clk 0:01:42]} Re6 {[%clk 0:00:42]} 20. Nb5 {[%clk 0:01:35]} Rc8
{[%clk 0:00:11]} 21. Rxd6 {[%clk 0:01:32]} Qf8 {[%clk 0:00:12]} 22. Qd5
{[%clk 0:01:08]} Rxd6 {[%clk 0:00:13]} 23. Qxd6 Qe8 24. Nc3 {[%clk 0:01:03]} h6
{[%clk 0:00:16]} 25. Rd1 {[%clk 0:01:03]} c4 {[%clk 0:00:11]} 26. Qd7
{[%clk 0:01:04]} Qf8 {[%clk 0:00:12]} 27. Nd5 {[%clk 0:01:01]} Rc5
{[%clk 0:00:08]} 28. Nc3 {[%clk 0:00:46]} Rc8 {[%clk 0:00:07]} 29. Qxa7
{[%clk 0:00:45]} Qc5 {[%clk 0:00:08]} 30. Qd7 {[%clk 0:00:43]} Rf8
{[%clk 0:00:08]} 31. Qb5 {[%clk 0:00:41]} Qc7 {[%clk 0:00:09]} 32. Rd7
{[%clk 0:00:41]} Qc8 {[%clk 0:00:10]} 33. Qd5 {[%clk 0:00:39]} Qe8
{[%clk 0:00:07]} 34. Rd6 {[%clk 0:00:33]} Qb8 {[%clk 0:00:06]} 35. Nb5
{[%clk 0:00:29]} Qc8 {[%clk 0:00:04]} 36. Kg2 {[%clk 0:00:27]} Qg4
{[%clk 0:00:05]} 37. Nc3 {[%clk 0:00:25]} Kh7 {[%clk 0:00:04]} 38. Qe4+
{[%clk 0:00:24]} Qxe4+ {[%clk 0:00:05]} 39. Nxe4 {[%clk 0:00:26]} Ra8
{[%clk 0:00:07]} 40. a3 {[%clk 0:00:26]} b5 {[%clk 0:00:07]} 41. Rb6
{[%clk 0:00:27]} Ra5 {[%clk 0:00:09]} 42. Nc3 {[%clk 0:00:28]} 1-0

[Event "Wroclaw"]
[Site "?"]
[Date "2020.08.27"]
[Round "11.2"]
[White "Ochedzan, Tymon"]
[Black "Koziorowicz, Michal"]
[Result "0-1"]
[BlackElo "2061"]
[WhiteElo "1972"]
[LiveChessVersion "1.4.8"]

1. e4 {[%clk 0:03:03]} c5 {[%clk 0:03:04]} 2. Nf3 {[%clk 0:03:03]} d6
{[%clk 0:03:06]} 3. d4 {[%clk 0:03:03]} cxd4 {[%clk 0:03:07]} 4. Nxd4
{[%clk 0:03:04]} Nf6 {[%clk 0:03:09]} 5. Nc3 {[%clk 0:03:03]} g6 {[%clk 0:03:10]}
6. Be3 {[%clk 0:02:54]} Bg7 {[%clk 0:03:12]} 7. f3 {[%clk 0:02:54]} O-O
{[%clk 0:03:12]} 8. Qd2 {[%clk 0:02:52]} Nc6 {[%clk 0:03:14]} 9. g4
{[%clk 0:02:50]} Be6 {[%clk 0:03:15]} 10. Nxe6 {[%clk 0:02:49]} fxe6
{[%clk 0:03:17]} 11. O-O-O {[%clk 0:02:49]} Qc8 {[%clk 0:03:18]} 12. h4
{[%clk 0:02:47]} Ne5 {[%clk 0:03:19]} 13. Be2 {[%clk 0:02:46]} Nc4
{[%clk 0:03:16]} 14. Bxc4 {[%clk 0:02:44]} Qxc4 {[%clk 0:03:18]} 15. h5
{[%clk 0:02:33]} Nd7 {[%clk 0:03:19]} 16. hxg6 hxg6 17. Qh2 {[%clk 0:01:59]} Rxf3
{[%clk 0:02:44]} 18. Bd2 {[%clk 0:01:26]} Nc5 {[%clk 0:02:34]} 19. Qh7+
{[%clk 0:01:06]} Kf7 {[%clk 0:02:35]} 20. Rh6 {[%clk 0:00:46]} Rf6
{[%clk 0:02:06]} 21. g5 {[%clk 0:00:45]} Rh8 {[%clk 0:01:52]} 22. gxf6
{[%clk 0:00:35]} Rxh7 {[%clk 0:01:53]} 23. Rxh7 {[%clk 0:00:36]} Kxf6
{[%clk 0:01:53]} 24. Rg1 {[%clk 0:00:26]} e5 {[%clk 0:01:40]} 25. Bg5+
{[%clk 0:00:27]} Kf7 {[%clk 0:01:41]} 26. Bh6 {[%clk 0:00:27]} Ne6
{[%clk 0:01:42]} 27. Rg2 {[%clk 0:00:19]} Qf1+ {[%clk 0:01:40]} 28. Nd1
{[%clk 0:00:19]} Qxg2 {[%clk 0:01:41]} 29. Bxg7 {[%clk 0:00:17]} Nxg7
{[%clk 0:01:42]} 30. Rh4 {[%clk 0:00:12]} Qg5+ {[%clk 0:01:42]} 0-1

[Event "Wroclaw"]
[Site "?"]
[Date "2020.08.27"]
[Round "11.3"]
[White "Skurniak, Szymon"]
[Black "Kozlowski, Michal"]
[Result "1/2-1/2"]
[BlackElo "1745"]
[WhiteElo "1963"]
[LiveChessVersion "1.4.8"]

1. e4 {[%clk 0:03:04]} c5 2. b3 Nc6 {[%clk 0:03:00]} 3. f4 {[%clk 0:03:06]} e6
{[%clk 0:02:55]} 4. Bb5 {[%clk 0:02:58]} d5 {[%clk 0:02:52]} 5. Bxc6+
{[%clk 0:02:56]} bxc6 {[%clk 0:02:53]} 6. Nc3 {[%clk 0:02:51]} g6
{[%clk 0:02:37]} 7. e5 {[%clk 0:02:43]} Ba6 {[%clk 0:01:49]} 8. Nf3
{[%clk 0:02:38]} c4 {[%clk 0:01:31]} 9. bxc4 {[%clk 0:02:03]} Bxc4
{[%clk 0:01:32]} 10. d3 {[%clk 0:02:05]} Ba6 {[%clk 0:01:32]} 11. Be3
{[%clk 0:01:57]} c5 {[%clk 0:01:28]} 12. Bf2 {[%clk 0:01:58]} Nh6
{[%clk 0:01:08]} 13. Qc1 {[%clk 0:01:48]} Nf5 {[%clk 0:00:46]} 14. Qa3
{[%clk 0:01:40]} Bb7 {[%clk 0:00:32]} 15. O-O {[%clk 0:01:30]} Rc8
{[%clk 0:00:27]} 16. Rab1 {[%clk 0:01:31]} Bc6 {[%clk 0:00:25]} 17. Bxc5
{[%clk 0:01:14]} Bxc5+ {[%clk 0:00:24]} 18. Qxc5 {[%clk 0:01:16]} Bd7
{[%clk 0:00:25]} 19. Qa3 {[%clk 0:01:12]} Qc7 {[%clk 0:00:25]} 20. Nb5
{[%clk 0:00:59]} Qc5+ {[%clk 0:00:14]} 21. Qxc5 {[%clk 0:00:59]} Rxc5
{[%clk 0:00:15]} 22. Nbd4 {[%clk 0:00:53]} Nxd4 {[%clk 0:00:11]} 23. Nxd4
{[%clk 0:00:54]} O-O {[%clk 0:00:12]} 24. Rb7 {[%clk 0:00:42]} Ba4
{[%clk 0:00:12]} 25. Rxa7 Bxc2 {[%clk 0:00:13]} 26. Rc1 {[%clk 0:00:39]} Rfc8
{[%clk 0:00:14]} 27. Nxc2 {[%clk 0:00:22]} Rxc2 28. Rxc2 Rxc2 {[%clk 0:00:16]}
29. Ra3 {[%clk 0:00:17]} Kg7 {[%clk 0:00:11]} 30. h3 {[%clk 0:00:17]} d4
{[%clk 0:00:07]} 31. Ra4 {[%clk 0:00:15]} Rd2 {[%clk 0:00:09]} 32. Rxd4
{[%clk 0:00:16]} Rxa2 33. Kh2 Rd2 {[%clk 0:00:07]} 34. Kg3 {[%clk 0:00:19]} h6
{[%clk 0:00:08]} 35. Kf3 {[%clk 0:00:20]} Ra2 {[%clk 0:00:09]} 36. Rd6
{[%clk 0:00:19]} Ra4 {[%clk 0:00:09]} 37. d4 {[%clk 0:00:20]} Ra3+
{[%clk 0:00:10]} 38. Kf2 {[%clk 0:00:20]} Ra2+ {[%clk 0:00:12]} 39. Kf3
{[%clk 0:00:21]} Ra3+ {[%clk 0:00:13]} 40. Kf2 {[%clk 0:00:20]} Ra2+ 41. Kg3
{[%clk 0:00:23]} Ra3+ {[%clk 0:00:15]} 42. Kh2 Rd3 43. Rd8 {[%clk 0:00:22]} Rd2
{[%clk 0:00:17]} 44. h4 {[%clk 0:00:19]} Rf2 {[%clk 0:00:18]} 45. Kg3
{[%clk 0:00:20]} Rd2 {[%clk 0:00:19]} 46. Kf3 {[%clk 0:00:21]} Rd1
{[%clk 0:00:18]} 47. Ke2 {[%clk 0:00:22]} Ra1 {[%clk 0:00:18]} 48. d5
{[%clk 0:00:18]} Ra2+ {[%clk 0:00:20]} 49. Kf3 {[%clk 0:00:20]} Ra3+
{[%clk 0:00:21]} 50. Kf2 {[%clk 0:00:21]} Ra2+ {[%clk 0:00:22]} 51. Kg3
{[%clk 0:00:22]} Ra3+ {[%clk 0:00:23]} 52. Kh2 {[%clk 0:00:23]} exd5
{[%clk 0:00:22]} 53. Rxd5 Ra4 {[%clk 0:00:23]} 54. g3 {[%clk 0:00:23]} Ra2+
{[%clk 0:00:24]} 55. Kh3 {[%clk 0:00:24]} Ra3 {[%clk 0:00:25]} 56. Rd7
{[%clk 0:00:23]} Ra6 {[%clk 0:00:25]} 57. Kg4 {[%clk 0:00:22]} h5+
{[%clk 0:00:21]} 58. Kf3 {[%clk 0:00:19]} Ra3+ {[%clk 0:00:22]} 59. Kg2
{[%clk 0:00:20]} Ra2+ {[%clk 0:00:23]} 60. Kh3 {[%clk 0:00:21]} Ra6
{[%clk 0:00:24]} 61. Rd3 {[%clk 0:00:21]} Ra2 {[%clk 0:00:23]} 62. Rd7
{[%clk 0:00:21]} Ra6 {[%clk 0:00:24]} 1/2-1/2

[Event "Wroclaw"]
[Site "?"]
[Date "2020.08.27"]
[Round "11.4"]
[White "Luczak, Filip"]
[Black "Oglaza, Oskar"]
[Result "1/2-1/2"]
[BlackElo "2183"]
[WhiteElo "1891"]
[LiveChessVersion "1.4.8"]

1. Nf3 {[%clk 0:03:03]} Nf6 {[%clk 0:02:52]} 2. g3 {[%clk 0:03:05]} g6
{[%clk 0:02:43]} 3. Bg2 {[%clk 0:03:06]} Bg7 {[%clk 0:02:44]} 4. O-O
{[%clk 0:03:06]} O-O {[%clk 0:02:43]} 5. c4 {[%clk 0:03:08]} d5 {[%clk 0:02:43]}
6. cxd5 {[%clk 0:03:06]} Nxd5 {[%clk 0:02:44]} 7. d4 {[%clk 0:03:03]} Nb6
{[%clk 0:02:35]} 8. Nc3 {[%clk 0:02:49]} Nc6 {[%clk 0:02:34]} 9. d5
{[%clk 0:02:23]} Na5 {[%clk 0:02:31]} 10. e4 {[%clk 0:02:00]} c6 {[%clk 0:02:25]}
11. Ne1 {[%clk 0:00:42]} cxd5 {[%clk 0:02:06]} 12. exd5 {[%clk 0:00:43]} Bd7
{[%clk 0:01:54]} 13. Nc2 {[%clk 0:00:39]} Rc8 {[%clk 0:01:52]} 14. Nd4
{[%clk 0:00:24]} Nac4 {[%clk 0:01:50]} 15. Re1 {[%clk 0:00:23]} Re8
{[%clk 0:01:49]} 16. a4 {[%clk 0:00:17]} Na8 {[%clk 0:01:20]} 17. Qd3
{[%clk 0:00:15]} Qb6 {[%clk 0:01:01]} 18. Rd1 {[%clk 0:00:09]} Nxb2
{[%clk 0:00:57]} 19. Bxb2 {[%clk 0:00:07]} Qxb2 {[%clk 0:00:58]} 20. Nce2
{[%clk 0:00:06]} Bxd4 {[%clk 0:00:45]} 21. Nxd4 {[%clk 0:00:07]} Qc3
{[%clk 0:00:44]} 22. Qe4 {[%clk 0:00:08]} Rc4 {[%clk 0:00:35]} 23. Bf1
{[%clk 0:00:07]} Rxa4 {[%clk 0:00:34]} 24. Rac1 {[%clk 0:00:05]} Qa3
{[%clk 0:00:29]} 25. Rb1 {[%clk 0:00:05]} Nb6 {[%clk 0:00:29]} 26. Nb5
{[%clk 0:00:06]} Qxg3+ {[%clk 0:00:25]} 27. hxg3 {[%clk 0:00:05]} Rxe4
{[%clk 0:00:26]} 28. Nxa7 {[%clk 0:00:06]} Na4 {[%clk 0:00:22]} 29. Rxb7
{[%clk 0:00:07]} Bg4 {[%clk 0:00:22]} 30. Rc1 {[%clk 0:00:06]} Ra8
{[%clk 0:00:12]} 31. Nc6 {[%clk 0:00:07]} Kg7 {[%clk 0:00:12]} 32. Nxe7
{[%clk 0:00:07]} Ra5 {[%clk 0:00:10]} 33. d6 {[%clk 0:00:08]} Rd4
{[%clk 0:00:09]} 34. Nc8 {[%clk 0:00:05]} Bxc8 35. Rxc8 {[%clk 0:00:07]} Rxd6
{[%clk 0:00:09]} 36. Rcc7 {[%clk 0:00:08]} Rf6 {[%clk 0:00:07]} 37. Bc4
{[%clk 0:00:09]} Raf5 {[%clk 0:00:08]} 38. f4 {[%clk 0:00:09]} Nc3
{[%clk 0:00:09]} 39. Kf2 {[%clk 0:00:07]} Ne4+ {[%clk 0:00:10]} 40. Kf3
{[%clk 0:00:09]} Nd2+ {[%clk 0:00:11]} 41. Ke2 {[%clk 0:00:10]} Nxc4
{[%clk 0:00:12]} 42. Rxc4 {[%clk 0:00:11]} Rh5 {[%clk 0:00:13]} 43. Kf3
{[%clk 0:00:12]} Rh1 {[%clk 0:00:13]} 44. Rcc7 {[%clk 0:00:13]} Rf1+
{[%clk 0:00:13]} 45. Kg2 {[%clk 0:00:14]} Rd1 {[%clk 0:00:13]} 46. Kf3
{[%clk 0:00:16]} h5 {[%clk 0:00:14]} 47. Rb4 {[%clk 0:00:14]} Rf5
{[%clk 0:00:14]} 48. Rcb7 {[%clk 0:00:11]} Rd3+ {[%clk 0:00:15]} 49. Kg2
{[%clk 0:00:12]} Rc5 {[%clk 0:00:13]} 50. Rb2 {[%clk 0:00:13]} Rcc3
{[%clk 0:00:14]} 51. f5 {[%clk 0:00:12]} Rxg3+ {[%clk 0:00:15]} 52. Kh2
{[%clk 0:00:13]} Rh3+ {[%clk 0:00:11]} 53. Kg1 {[%clk 0:00:14]} Rcg3+
{[%clk 0:00:12]} 54. Rg2 {[%clk 0:00:15]} gxf5 {[%clk 0:00:12]} 55. Kf2
{[%clk 0:00:12]} Rxg2+ {[%clk 0:00:12]} 56. Kxg2 {[%clk 0:00:13]} Ra3
{[%clk 0:00:13]} 57. Kf2 {[%clk 0:00:14]} Kg6 {[%clk 0:00:14]} 58. Rb6+
{[%clk 0:00:14]} f6 {[%clk 0:00:15]} 59. Rb8 {[%clk 0:00:15]} f4 {[%clk 0:00:16]}
60. Rb5 {[%clk 0:00:14]} f5 {[%clk 0:00:15]} 61. Kg2 {[%clk 0:00:15]} Kg5
{[%clk 0:00:16]} 62. Rb8 {[%clk 0:00:15]} Rg3+ {[%clk 0:00:14]} 63. Kf2
{[%clk 0:00:15]} Kh4 {[%clk 0:00:12]} 64. Rf8 {[%clk 0:00:15]} Ra3
{[%clk 0:00:11]} 65. Rxf5 {[%clk 0:00:14]} Kg4 {[%clk 0:00:13]} 66. Rf8
{[%clk 0:00:15]} Ra2+ {[%clk 0:00:14]} 67. Kg1 {[%clk 0:00:16]} Kf3
{[%clk 0:00:14]} 68. Rh8 {[%clk 0:00:17]} Ra1+ {[%clk 0:00:11]} 69. Kh2
{[%clk 0:00:18]} Ra5 {[%clk 0:00:11]} 70. Kg1 {[%clk 0:00:13]} Rg5+
{[%clk 0:00:12]} 71. Kf1 {[%clk 0:00:14]} Kg3 {[%clk 0:00:13]} 72. Kg1
{[%clk 0:00:13]} h4 {[%clk 0:00:13]} 73. Ra8 {[%clk 0:00:12]} h3 {[%clk 0:00:13]}
74. Kh1 {[%clk 0:00:12]} Re5 {[%clk 0:00:11]} 75. Ra1 {[%clk 0:00:13]} Re2
{[%clk 0:00:09]} 76. Rg1+ {[%clk 0:00:14]} Rg2 {[%clk 0:00:09]} 77. Rf1
{[%clk 0:00:13]} f3 {[%clk 0:00:09]} 78. Rxf3+ {[%clk 0:00:13]} Kxf3
{[%clk 0:00:07]} 1/2-1/2

[Event "Wroclaw"]
[Site "?"]
[Date "2020.08.27"]
[Round "11.5"]
[White "Kacprzak, Kacper"]
[Black "Grzesik, Gracjan"]
[Result "1/2-1/2"]
[BlackElo "1927"]
[WhiteElo "2035"]
[LiveChessVersion "1.4.8"]

1. e4 {[%clk 0:03:03]} c5 {[%clk 0:03:03]} 2. Nf3 {[%clk 0:03:04]} d6 3. d4 cxd4
{[%clk 0:03:05]} 4. Nxd4 {[%clk 0:03:07]} Nf6 5. Nc3 a6 {[%clk 0:03:07]} 6. Be3
{[%clk 0:03:10]} e5 {[%clk 0:03:08]} 7. Nb3 {[%clk 0:03:11]} Be6 {[%clk 0:03:07]}
8. h3 {[%clk 0:03:12]} Be7 {[%clk 0:02:59]} 9. f4 {[%clk 0:03:14]} exf4
{[%clk 0:02:56]} 10. Bxf4 {[%clk 0:03:15]} Nc6 {[%clk 0:02:51]} 11. Qe2
{[%clk 0:03:16]} Ne5 {[%clk 0:02:39]} 12. O-O-O {[%clk 0:03:16]} Qc7
{[%clk 0:02:34]} 13. Kb1 {[%clk 0:03:17]} O-O {[%clk 0:02:34]} 14. g4
{[%clk 0:03:18]} b5 {[%clk 0:02:16]} 15. g5 {[%clk 0:03:19]} Nfd7
{[%clk 0:02:15]} 16. Qg2 {[%clk 0:03:20]} Nc4 {[%clk 0:01:36]} 17. Nd5
{[%clk 0:03:14]} Bxd5 {[%clk 0:01:33]} 18. exd5 {[%clk 0:03:15]} Nde5
{[%clk 0:01:26]} 19. h4 {[%clk 0:03:16]} Rac8 {[%clk 0:00:49]} 20. h5
{[%clk 0:03:17]} a5 {[%clk 0:00:23]} 21. Bc1 {[%clk 0:03:15]} a4 {[%clk 0:00:13]}
22. Nd4 {[%clk 0:03:16]} b4 {[%clk 0:00:11]} 23. g6 {[%clk 0:03:08]} Bf6
{[%clk 0:00:09]} 24. gxh7+ {[%clk 0:02:43]} Kh8 {[%clk 0:00:09]} 25. Rg1
{[%clk 0:02:44]} b3 {[%clk 0:00:07]} 26. cxb3 {[%clk 0:01:50]} axb3
{[%clk 0:00:08]} 27. axb3 {[%clk 0:01:48]} Na5 {[%clk 0:00:05]} 28. h6
{[%clk 0:01:34]} g6 {[%clk 0:00:05]} 29. Bg5 {[%clk 0:01:27]} Qe7
{[%clk 0:00:05]} 30. Bxf6+ {[%clk 0:01:23]} Qxf6 {[%clk 0:00:06]} 31. Qg5
{[%clk 0:01:06]} Qxg5 {[%clk 0:00:07]} 32. Rxg5 {[%clk 0:01:07]} Kxh7
{[%clk 0:00:07]} 33. Nb5 {[%clk 0:01:09]} Rfd8 {[%clk 0:00:05]} 34. Rg3
{[%clk 0:01:00]} Kxh6 35. Be2 {[%clk 0:01:02]} Kg7 {[%clk 0:00:05]} 36. Nd4
{[%clk 0:00:49]} Nb7 {[%clk 0:00:05]} 37. Rh1 {[%clk 0:00:47]} Rh8
{[%clk 0:00:05]} 38. Nf5+ {[%clk 0:00:48]} Kf6 {[%clk 0:00:06]} 39. Nh6
{[%clk 0:00:42]} Ke7 {[%clk 0:00:05]} 40. Rgh3 {[%clk 0:00:38]} Nc5
{[%clk 0:00:06]} 41. Nf5+ {[%clk 0:00:39]} gxf5 42. Rxh8 Rxh8 {[%clk 0:00:05]}
43. Rxh8 {[%clk 0:00:42]} Nxb3 {[%clk 0:00:06]} 44. Rh4 {[%clk 0:00:28]} Ng6
{[%clk 0:00:06]} 45. Rb4 {[%clk 0:00:29]} Nc5 {[%clk 0:00:06]} 46. Kc2
{[%clk 0:00:25]} Kf6 {[%clk 0:00:07]} 47. Bf3 {[%clk 0:00:24]} Ke5
{[%clk 0:00:07]} 48. Rb6 {[%clk 0:00:22]} Ne4 {[%clk 0:00:07]} 49. Rb7
{[%clk 0:00:20]} f6 {[%clk 0:00:07]} 50. b4 {[%clk 0:00:18]} Kxd5
{[%clk 0:00:08]} 51. b5 {[%clk 0:00:18]} Ne5 {[%clk 0:00:09]} 52. Bg2
{[%clk 0:00:19]} Kc5 {[%clk 0:00:08]} 53. Rb8 {[%clk 0:00:18]} Nd7
{[%clk 0:00:09]} 54. Rd8 {[%clk 0:00:18]} Nb6 {[%clk 0:00:09]} 55. Kd3
{[%clk 0:00:14]} d5 {[%clk 0:00:10]} 56. Rh8 {[%clk 0:00:07]} Kxb5
{[%clk 0:00:11]} 57. Kd4 {[%clk 0:00:08]} Kc6 {[%clk 0:00:09]} 58. Bh3
{[%clk 0:00:09]} Nd6 {[%clk 0:00:08]} 59. Rh6 {[%clk 0:00:07]} Nb5+
{[%clk 0:00:09]} 60. Ke3 {[%clk 0:00:08]} Nc4+ {[%clk 0:00:10]} 61. Kf4
{[%clk 0:00:10]} Kc5 {[%clk 0:00:09]} 62. Rxf6 {[%clk 0:00:11]} Nbd6
{[%clk 0:00:10]} 63. Bxf5 {[%clk 0:00:11]} Nxf5 {[%clk 0:00:09]} 64. Rxf5
{[%clk 0:00:10]} Kd4 {[%clk 0:00:10]} 65. Rf8 {[%clk 0:00:11]} Nd2
{[%clk 0:00:09]} 66. Rd8 {[%clk 0:00:11]} Nc4 {[%clk 0:00:09]} 67. Rxd5+
{[%clk 0:00:11]} Kxd5 {[%clk 0:00:10]} 68. Ke4+ Ke5+ 1/2-1/2

[Event "Wroclaw"]
[Site "?"]
[Date "2020.08.27"]
[Round "11.6"]
[White "Trybus, Daniel"]
[Black "Suder, Jakub"]
[Result "0-1"]
[BlackElo "2031"]
[WhiteElo "1827"]
[LiveChessVersion "1.4.8"]

1. e4 {[%clk 0:03:03]} c5 {[%clk 0:03:04]} 2. Nf3 {[%clk 0:03:04]} e6
{[%clk 0:03:05]} 3. d4 {[%clk 0:03:06]} cxd4 {[%clk 0:03:06]} 4. Nxd4
{[%clk 0:03:07]} Nf6 {[%clk 0:03:07]} 5. Nc3 {[%clk 0:03:02]} Nc6
{[%clk 0:03:08]} 6. Ndb5 {[%clk 0:03:01]} Bb4 {[%clk 0:03:08]} 7. a3
{[%clk 0:03:02]} Bxc3+ {[%clk 0:03:09]} 8. Nxc3 {[%clk 0:03:03]} d5
{[%clk 0:03:10]} 9. exd5 {[%clk 0:03:04]} exd5 {[%clk 0:03:11]} 10. Bd3
{[%clk 0:03:05]} O-O {[%clk 0:03:11]} 11. O-O {[%clk 0:03:05]} d4
{[%clk 0:03:12]} 12. Ne4 {[%clk 0:03:00]} Bf5 {[%clk 0:03:12]} 13. Nc5
{[%clk 0:02:27]} Qd5 {[%clk 0:02:34]} 14. b4 {[%clk 0:02:16]} Bxd3
{[%clk 0:02:22]} 15. Nxd3 {[%clk 0:02:03]} Rfe8 {[%clk 0:02:14]} 16. Bb2
{[%clk 0:02:03]} Qg5 {[%clk 0:01:42]} 17. Qf3 {[%clk 0:01:40]} Ne4
{[%clk 0:01:33]} 18. Rad1 {[%clk 0:01:18]} Nd2 {[%clk 0:01:21]} 19. Qh3
{[%clk 0:00:43]} Nxf1 {[%clk 0:01:17]} 20. Kxf1 {[%clk 0:00:43]} Re7
{[%clk 0:01:08]} 21. Bc1 {[%clk 0:00:44]} Qg6 {[%clk 0:01:02]} 22. Bf4
{[%clk 0:00:25]} Rae8 {[%clk 0:00:57]} 23. Qf3 {[%clk 0:00:19]} a6
{[%clk 0:00:50]} 24. Rc1 {[%clk 0:00:17]} h6 {[%clk 0:00:45]} 25. a4
{[%clk 0:00:17]} b5 {[%clk 0:00:37]} 26. axb5 {[%clk 0:00:16]} axb5
{[%clk 0:00:38]} 27. Kg1 {[%clk 0:00:12]} Re6 {[%clk 0:00:26]} 28. h3
{[%clk 0:00:11]} Qe4 {[%clk 0:00:19]} 29. Qg3 {[%clk 0:00:11]} Rg6
{[%clk 0:00:16]} 30. Nc5 {[%clk 0:00:10]} Qd5 {[%clk 0:00:12]} 31. Qh2
{[%clk 0:00:11]} Nxb4 {[%clk 0:00:10]} 32. Nb3 {[%clk 0:00:08]} Qe4
{[%clk 0:00:09]} 33. Nc5 {[%clk 0:00:08]} Qe1+ {[%clk 0:00:10]} 0-1